| 000 | 00517nam a22001937a 4500 | ||
|---|---|---|---|
| 999 |
_c16753 _d16753 |
||
| 003 | OSt | ||
| 005 | 20180322142138.0 | ||
| 008 | 180322b xxu||||| |||| 00| 0 eng d | ||
| 020 | _a9789381082911 | ||
| 040 | _cKABU | ||
| 050 |
_aKD 7869 _b.B35 2014 C.1 |
||
| 100 | _aBaker, J. dennis | ||
| 245 |
_aTextbook of criminal law _cDennis J. Baker |
||
| 250 | _a3rd ed. | ||
| 260 |
_aSouth Asia _bSweet and Maxwell _c2014 |
||
| 300 | _acxxv, 1370p. | ||
| 650 |
_aCriminal law _zGreat Britain |
||
| 942 |
_2lcc _cBK |
||